000 00790nam a22002057a 4500
999 _c13934
_d13934
003 AR-CdUCM
008 190417b ||||| |||| 00| 0 spa d
040 _aMUNICIPALIDAD PROVINCIAL DEL CUSCO
_cBIBLIOTECA MUNICIPAL DEL CUSCO
082 _a149 /
_bG88 / 1930
100 _aGuevara, Victor
_932558
245 _aFilosofía del supranacionalismo /
260 _aLima :
_bLa sierra,
_c1930
300 _a255 páginas ;
_c20 cm.
505 _aContenido : Fundamentos del supranacionalismo -- La soberanía nacional no es óbice para la supranacionalización. ventajas de esta -- Supranacionalización y el concepto de actual del derecho ...
650 _aFilosofía
_9395
650 _aNacionalismo
_92901
650 _aPolítica
_9291
942 _2ddc
_cLIBROS
945 _arah
_d17/04/2019